000 01800nam a2200181 4500
999 _c509547
_d509547
008 190514b ||||| |||| 00| 0 eng d
100 _aGreen-Pedersen, Christoffer et al
_95518
245 _aThe agenda-setting power of the Prime Minister party in coalition governments
260 _c2018
300 _ap.743-756.
520 _aDespite coalition governments being the most widespread form of government, many aspects of coalition politics are still poorly understood. This is especially true for questions relating to the role of the prime minister party within the coalition. Being the prime minister party seems to imply considerable influence, but little evidence actually exists as to the factors shaping the influence of the prime minister. This paper offers a new approach to studying the factors conditioning the influence of the prime minister party in a coalition. The approach is focused on the extent of issue overlap between the party manifesto of the prime minister party and the first government speech after the election. This approach makes it possible to actually analyze the factors shaping the influence of the prime minister party. The results show that the PM party is constrained by the issue emphasis of its coalition partners but less so when it holds dissolution power and more, also when it has many coalition partners when controlling for the seat share of the PM party. The paper, thus, both offers a new approach to study the coalition compromise and new evidence on the factors shaping the influence coming from holding the PM position. - Reproduced.
650 _aCoalition governments
_94081
700 _aMortensen, Peter B.
_95519
700 _aSo, Florence
_95520
773 _aPolitical Research Quarterly
906 _aPrime ministers
942 _2ddc
_cAR